| 000 -ლიდერი |
| ფიქსირებული სიგრძის საკონტროლო ველი |
02253nam a2200325Ia 4500 |
| 001 - საკონტროლო ნომერი |
| საკონტროლო ველი |
22303 |
| 003 - საკონტროლო ნომრის იდენტიფიკატორი |
| საკონტროლო ველი |
GE_BSU |
| 005 - ბოლო ოპერაციის თარიღი და დრო |
| საკონტროლო ველი |
20230307110729.0 |
| 008 - ფიქსირებული სიგრძის მონაცემთა ელემენტები - ზოგადი ინფორმაცია |
| ფიქსირებული სიგრძის საკონტროლო ველი |
181216s2010||||ge |||||||||||||| ||geo|| |
| 020 ## - წიგნის საერთაშორისო სტანდარტული ნომერი |
| International Standard Book Number |
9789941401831 |
| 040 ## - კატალოგიზაციის წყარო |
| Transcribing agency |
GE_BSU |
| 041 ## - ენის კოდი |
| Language code of text/sound track or separate title |
geo |
| 080 ## - უნივერსალური ათობითი კლასიფიკაციის ინდექსი |
| Universal Decimal Classification number |
811.353.1'373.231 ქ-96 |
| 100 ## - მთავარი ჩანაწერი - პიროვნების სახელი |
| Personal name |
ქუქჩიშვილი, მაია |
| 9 (RLIN) |
17124 |
| 245 ## - ცნობა სათაურის შესახებ |
| Title |
ჰიპოკორისტები, დემინუტივები, პეიორატივები და გამაზვიადებელი სახელები ქართულ და ბერძნულ ენებში / |
| Statement of responsibility, etc |
მაია ქუქჩიშვილი ; რედ. სოფიო შამანიდი. |
| 264 ## - წარმოების, გამოცემის, დისტრიბუციის და სხვა ცნობები |
| გამოცემის, წარმოების, დისტრიბუციის... ადგილი |
თბილისი : |
| გამოცემის, წარმოების, დისტრიბუციის... სახელწოდება |
ლოგოსი, |
| გამოცემის, წარმოების, დისტრიბუციის... თარიღი |
2010. |
| 300 ## - ფიზიკური აღწერა |
| Extent |
139 გვ. ; |
| Dimensions |
20 სმ. |
| 490 ## - სერიის ცნობა |
| Series statement |
პროგრამა "ლოგოსი" |
| 500 ## - ზოგადი შენიშვნა |
| General note |
პუბლიკაციები და ღონისძიებები კლასიკური ფილოლოგიის, ბიზანტინისტიკისა და ნეოგრეცისტიკის სფეროში |
| 504 ## - BIBLIOGRAPHY, ETC. NOTE |
| Bibliography, etc |
ბიბლიოგრაფია გვ. : 132-137 |
| 520 ## - SUMMARY, ETC. |
| Summary, etc |
რეზიუმე ინგლისურ ენაზე |
| 653 ## - INDEX TERM--UNCONTROLLED |
| Uncontrolled term |
ჰიპოკორისტები, დემინუტივები, პეიორატივები და გამაზვიადებელი სახელები ქართულ და ბერძნულ ენებში |
| 653 ## - INDEX TERM--UNCONTROLLED |
| Uncontrolled term |
კნინობითი სახელები ქართულ ენაში |
| 653 ## - INDEX TERM--UNCONTROLLED |
| Uncontrolled term |
კნინობითი სახელები ბერძნულ ენაში |
| 653 ## - INDEX TERM--UNCONTROLLED |
| Uncontrolled term |
სუფიქსები ბერძნულ და ქართულ ენებში |
| 700 ## - ADDED ENTRY--PERSONAL NAME |
| Personal name |
შამანიდი, სოფიო |
| 9 (RLIN) |
17096 |
| 710 ## - ADDED ENTRY--CORPORATE NAME |
| Corporate name or jurisdiction name as entry element |
თსუ |
| Subordinate unit |
კლასიკური ფილოლოლოგიის ბიზანტიკისა და ნეოგრეცისტიკის ინსტიტუტი |
| 9 (RLIN) |
16346 |
| 942 ## - ADDED ENTRY ELEMENTS (KOHA) |
| Koha item type |
წიგნი |
| Source of classification or shelving scheme |
|